000 00680nam a2200217 a 4500
005 20240921063907.0
008 991125s1991 arg 000 0 spa u
020 _a9501630501
035 _aUPN01000044182
049 _aCG
050 4 _aLB1642 A7
_bS3.6
100 1 _aSaab, Jorge
245 1 0 _aPensar y hacer historia en la escuela media /
_cJorge Saab, Cristina Casteluccio.
260 _aArgentina :
_bTroquel,
_c1991.
300 _a197 p. :
_bil.
440 0 _aTroquel educación
650 4 _aHistoria
_xEstudio y enseñanza
_zArgentina
_98745
650 4 _aHistoria
_xEstudio y enseñanza (Secundaria)
_95248
700 1 _aCasteluccio, Cristina,
_ecoaut.
905 _aLibro
999 _c44182
_d44182